| 000 | 01185cam a22003135a 4500 | ||
|---|---|---|---|
| 999 |
_c9207 _d9207 |
||
| 003 | EG-ScBUE | ||
| 005 | 20191214134307.0 | ||
| 008 | 090708r20092006enka f d 001 0 eng d | ||
| 020 | _a9780194421928 | ||
| 040 |
_aEG-ScBUE _beng _erda _cEG-ScBUE _dEG-ScBUE |
||
| 082 | 0 | 4 |
_a428.20712 _bTHO _222 |
| 100 | 1 |
_aThornbury, Scott, _d1950- _eauthor. _97750 |
|
| 245 | 1 | 0 |
_aGrammar / _cScott Thornbury. |
| 250 | _aReprint edition. | ||
| 264 | 1 |
_aOxford ; _aNew York : _bOxford University Press, _c2009. |
|
| 300 |
_axi, 132 pages : _billustrations ; _c25 cm. |
||
| 336 |
_2rdacontent _atext _btxt |
||
| 337 |
_2rdamedia _aunmediated _bn |
||
| 338 |
_2rdacarrier _avolume _bnc |
||
| 490 | 0 | _aResource books for teachers | |
| 500 | _aIncludes index. | ||
| 500 | _aIncludes appendix. | ||
| 500 | _aIncludes glossary. | ||
| 520 | _aFeatures a range of techniques, that seeks to develop teachers' skills. This book covers over 60 generic activities and also includes ready-made lessons that provide support for new or trainee teachers. | ||
| 650 | 7 |
_aEnglish language _xGrammar _xStudy and teaching. _2BUEsh _97688 |
|
| 653 |
_bHHUUEENN _cJuly2019 |
||
| 655 | _vReading book | ||
| 942 |
_2ddc _cBB |
||